Taylor Swift- Lavender Haze (All Lyrics) - Statistics

General Stats
  • This quiz has been taken 88 times
    85 since last reset
  • The average score is 258 of 299
Answer Stats
Lyrics % Correct
I
100%
(I
100%
the
100%
The
100%
a
98%
haze
98%
in
98%
lavender
98%
Oh,
98%
oh,
98%
to
98%
you
98%
You
98%
do
96%
just
96%
My
96%
my
96%
at
94%
me
94%
me)
94%
stay
94%
wanna
94%
with
94%
don't
92%
be
90%
this
90%
(Yeah,
90%
yeah)
90%
And
88%
and
88%
go
88%
I'm
88%
it
88%
much
88%
say
88%
Staring
88%
too
88%
ceiling
87%
is
87%
Is
87%
on
87%
that
87%
That
87%
feel
85%
feel)
85%
if
85%
shit
85%
up
85%
what
85%
your
85%
from
83%
give
83%
into
83%
keep
83%
only
83%
(Only
83%
people
83%
see
83%
see)
83%
they
83%
want
83%
All
81%
(All
81%
asking
81%
damn
81%
ever
81%
gonna
81%
need
81%
creepin'
79%
Get
79%
(Get
79%
Meet
79%
midnight
79%
night
79%
No
79%
(No
79%
one-
79%
1950s
77%
damned
77%
girl
77%
or
77%
really
77%
spiral
77%
bride
75%
chest
75%
deal
75%
deal)
75%
history
75%
new
75%
off
75%
read
75%
Talk
75%
talk
75%
wife
75%
been
73%
desk
73%
desk)
73%
kinda
73%
love
73%
viral
73%
But
71%
even
71%
find
69%
handle
69%
under
69%
beautifully
67%
dizzying
67%
listening
67%
melancholia
67%
scrutiny
67%
bringing
65%
creeping
62%
They're
60%
Surreal
56%
weren't
56%
No matching quizzes found
Score Distribution
Percent of People with Each Score
Percentile by Number Answered
Your Score History
You have not taken this quiz since the last reset